Regional disparities in growth and structure of public investment in agricultural research and education (Record no. 53352)

000 -LEADER
fixed length control field 01127pab a2200169 454500
008 - FIXED-LENGTH DATA ELEMENTS--GENERAL INFORMATION
fixed length control field 180718b2000 xxu||||| |||| 00| 0 eng d
100 ## - MAIN ENTRY--PERSONAL NAME
Personal name Singh, Alka
245 ## - TITLE STATEMENT
Title Regional disparities in growth and structure of public investment in agricultural research and education
260 ## - PUBLICATION, DISTRIBUTION, ETC.
Date of publication, distribution, etc. 2000
300 ## - PHYSICAL DESCRIPTION
Extent p.360-66.
362 ## - DATES OF PUBLICATION AND/OR SEQUENTIAL DESIGNATION
Dates of publication and/or sequential designation Dec
520 ## - SUMMARY, ETC.
Summary, etc. The present paper studies the regional disparities in structure of investment in agricultural research and education and assess the productivity gains in agriculture arising out of research investment. Results observed that all the States showed impressive growth in research investments and spent more on agricultural research relative to their agricultural gross domestic product (agricultural research intensity) in 1992-94 than they did in 1980-82. Results also indicate an association between high growth rate in real investment in research and education and growth in average value of yield per hectare in all states except West Bengal. - Reproduced.
650 ## - SUBJECT ADDED ENTRY--TOPICAL TERM
Topical term or geographic name entry element Agricultural education
650 ## - SUBJECT ADDED ENTRY--TOPICAL TERM
Topical term or geographic name entry element Agricultural research
773 ## - HOST ITEM ENTRY
Main entry heading Artha Vijnana
909 ## -
-- 53352
Holdings
Withdrawn status Lost status Damaged status Not for loan Permanent Location Current Location Date acquired Serial Enumeration / chronology Barcode Date last seen Price effective from Koha item type
        Indian Institute of Public Administration Indian Institute of Public Administration 2018-07-19 Volume no: 42, Issue no: 4 AR53789 2018-07-19 2018-07-19 Articles

Powered by Koha